| 000 | 00638nam a2200193 i 4500 | ||
|---|---|---|---|
| 001 | 188859 | ||
| 003 | ES-MaACL | ||
| 005 | 20250814063259.0 | ||
| 008 | 190219s1964 sp |||| | cat d | ||
| 100 | 1 |
_aSimenon, Georges, _d1903-1989 _9106467 |
|
| 245 | 1 | 3 |
_aLa pell d'un home / _cGeorges Simenon ; [traducción de Gabriel Bas]. |
| 260 |
_aBarcelona : _bEdiciones 62, _c[1964] |
||
| 300 |
_a118 p. ; _c18 cm. |
||
| 490 | 1 |
_aCol·lecció "La Cua de Palla" ; _v17 |
|
| 700 | 0 |
_aBas, Gabriel. _926227 |
|
| 830 | 0 |
_aCol·lecció "La Cua de Palla" ; _v17 _9193174 |
|
| 852 |
_aES-MaACL _jP-507-Bis-16 |
||
| 999 |
_c188859 _d188859 |
||